Postavenie logistiky v distribučných procesoch vybranej spoločnosti diplomová práca

Salvato in:
Dettagli Bibliografici
Autore principale: Cigánik, Pavol
Ente Autore: Obchodná fakulta EU. Katedra marketingu
Altri autori: Daňo, Ferdinand, 1959-
Natura: Libro
Lingua:slovacco
Pubblicazione: Bratislava 2011
Tags: Aggiungi Tag
Nessun Tag, puoi essere il primo ad aggiungerne!!

MARC

LEADER 00000nbm a2200000 4500
001 0131915
005 20161109101741.8
041 0 |a slo 
044 |a SK 
245 1 0 |a Postavenie logistiky v distribučných procesoch vybranej spoločnosti  |b diplomová práca  |c Pavol Cigánik ; školiteľ: Ferdinand Daňo 
264 1 |a Bratislava  |c 2011 
300 |a 72 s. 
100 1 |a Cigánik, Pavol 
700 1 |a Daňo, Ferdinand, 1959- 
710 2 |a Obchodná fakulta EU. Katedra marketingu